Miasta na prawach powiatu w województwie śląskim - Nagła Śmierć - Statystyki

Ogólne statystyki
  • Ten quiz został rozwiązany 80 razy
    29 od ostatniego zresetowania
  • Średni wynik to 14 z 19
Answers on the Grid
Answers color-coded by a green-red scale on the quiz's grid according to % correct below.
Będzin
Bielsko-Biała
Bytom
Chorzów
Chrzanów
Cieszyn
Częstochowa
Dąbrowa Górnicza
Gliwice
Jastrzębie-Zdrój
Jaworzno
Katowice
Kłobuck
Mikołów
Mysłowice
Myszków
Olkusz
Piekary Śląskie
Pszczyna
Racibórz
Ruda Śląska
Rybnik
Siemianowice Śląskie
Sosnowiec
Świętochłowice
Tychy
Wisła
Wodzisław Śląski
Zabrze
Żary
Zawiercie
Żory
Żywiec
 
Statystyki odpowiedzi
Odpowiedź % Poprawnych
Chorzów
100%
Częstochowa
100%
Bielsko-Biała
83%
Bytom
83%
Dąbrowa Górnicza
83%
Gliwice
83%
Katowice
83%
Jastrzębie-Zdrój
67%
Jaworzno
67%
Mysłowice
67%
Piekary Śląskie
67%
Ruda Śląska
67%
Rybnik
67%
Siemianowice Śląskie
67%
Sosnowiec
67%
Świętochłowice
67%
Tychy
67%
Zabrze
67%
Żory
50%
Nie znaleziono quizów pasujących do podanych kryteriów
Rozkład punktacji
Procent ludzi z każdym wynikiem
Percentyl według liczby udzielonych odpowiedzi
Twoja historia wyników
Nie rozwiązałeś tego quizu od ostatniego zresetowania